Papiri dell'Iliade /

Saved in:

Corporate Author: Istituto papirologico G. Vitelli.

Other Authors: Manfredi, Manfredo

Format: Book

Language: Italian
Greek

Published: Firenze : Istituto papirologico G. Vitelli, 2000.

Subjects:

Tags: Add Tag

No Tags, Be the first to tag this record!

Call Number: PA4018 .A65 2000

LEADER 00931nam a22002777a 4500
003 OSt
005 20251006114555.0
008 251006t2000 it af g b 000 0dita d
020 |a 8887829195 
040 |c ARCE Library 
041 0 |a ita  |a gre 
050 1 4 |a PA4018   |b .A65 2000 
245 0 0 |a Papiri dell'Iliade /   |c a cura di Manfredo Manfredi. 
264 1 |a Firenze :   |b Istituto papirologico G. Vitelli,   |c 2000. 
300 |a 71 p., [10] p. of plates :   |b ill. (1 folded) ;   |c 30 cm. 
500 |a At head of title : Istituto papirologico G. Vitelli, Firenze. 
504 |a Includes bibliographical references. 
546 |a Italian and Greek. 
600 0 0 |a Homer.  |t Iliad  |x Criticism, Textual. 
650 0 |a Epic poetry, Greek  |x Criticism, Textual. 
650 0 |a Manuscripts, Greek (Papyri) 
700 1 |a Manfredi, Manfredo, 
710 2 |a Istituto papirologico G. Vitelli. 
901 |a reviewed 
942 |c BK  |2 lcc 
999 |c 24386  |d 24386